000 00903nam a22002657a 4500
001 5644
003 FISKH
005 20250109094710.0
008 250109b cb ||||| |||| 00| 0 eng d
020 _a9788956354002
040 _aFISKH
_beng
_cFISKH
_dFISKH
050 _aPZ7
082 _a816.3
100 _aAsjornsen
245 _aBoots and his brothers /
_cAsjornsen & Moe
260 _aSeoul :
_bE-future,
_c2009.
300 _a26 pages :
_bcolor illustrations ;
_c21 cm
505 _aH
520 _aThree fortune-seeking brothers encounter an old beggar woman who informs them that a rich reward awaits the first to cut down a certain giant oak tree, but the hidden key to this treasure lies in how they treat the old woman.
521 8 _a430
_bLexile estimate
521 8 _aH
_bRaz-Plus
650 _aFolklore
_vFairy tales
942 _2ddc
_cBK
_n0
999 _c5644
_d5644